[Event "DSOL 04 Liga Gr-D 1st"]
[Site "Playchess.com INT"]
[Date "2020.08.07"]
[Round "7.2"]
[White "Bung, Christoph"]
[Black "Malinowsky, Levi"]
[Result "1-0"]
[WhiteElo "1817"]
[BlackElo "1765"]
[PlyCount "25"]
[EventDate "2020.06.22"]
[EventType "team-tourn (rapid)"]
[EventCountry "GER"]
[SourceTitle "EXT 2021"]
[Source "ChessBase"]
[SourceDate "2020.10.23"]
[SourceVersion "1"]
[SourceVersionDate "2020.10.23"]
[SourceQuality "1"]
[WhiteTeam "Merzhausen Schwarz Weiss"]
[BlackTeam "Kiel Doppelbauer"]
[WhiteTeamCountry "GER"]
[BlackTeamCountry "GER"]

1. e4 e6 2. d4 d5 3. Nc3 dxe4 4. Nxe4 Nc6 5. Nf3 Nf6 6. Bg5 Be7 7. Nxf6+ Bxf6 8. Bxf6 Qxf6 9. Bd3 0-0 10. 0-0 b6 11. Be4 Bb7 12. Ne5 Nxd4 13. Nd7 1-0

[Event "DSOL 04 Liga Gr-D 1st"]
[Site "Playchess.com INT"]
[Date "2020.07.17"]
[Round "4.2"]
[White "Roeschinger, Udo"]
[Black "Bung, Christoph"]
[Result "1-0"]
[WhiteElo "1822"]
[BlackElo "1817"]
[PlyCount "73"]
[EventDate "2020.06.22"]
[EventType "team-tourn (rapid)"]
[EventCountry "GER"]
[SourceTitle "EXT 2021"]
[Source "ChessBase"]
[SourceDate "2020.10.23"]
[SourceVersion "1"]
[SourceVersionDate "2020.10.23"]
[SourceQuality "1"]
[WhiteTeam "Heilsbronn"]
[BlackTeam "Merzhausen Schwarz Weiss"]
[WhiteTeamCountry "GER"]
[BlackTeamCountry "GER"]

1. e4 e6 2. d4 d5 3. Nd2 c5 4. exd5 exd5 5. Ngf3 Nf6 6. Bb5+ Nc6 7. 0-0 Qb6 8. a4 a6 9. Bxc6+ bxc6 10. Re1+ Be6 11. Ng5 Kd7 12. Nxe6 fxe6 13. Nc4 Qc7 14. Ne5+ Kc8 15. Bf4 Bd6 16. dxc5 Bxc5 17. Ng6 Qa7 18. Nxh8 Bxf2+ 19. Kh1 Bxe1 20. Qxe1 Ne4 21. Be3 Qe7 22. Qf1 Kd7 23. Nf7 Rf8 24. Ne5+ Kd6 25. Nf3 g5 26. Qxa6 e5 27. Qa7 Qf6 28. Nd2 Nxd2 29. Bxd2 Rf7 30. Bb4+ Ke6 31. Qc5 Kd7 32. Qa7+ Ke6 33. Qa6 Kd7 34. Qb7+ Kd8 35. Ba5+ Ke8 36. Qc8+ Ke7 37. Bd8+ 1-0

[Event "Goch op 16th"]
[Site "Goch"]
[Date "2005.10.03"]
[Round "7"]
[White "Buettner, Ulrich"]
[Black "Bung, Christoph"]
[Result "1/2-1/2"]
[WhiteElo "1882"]
[BlackElo "1729"]
[PlyCount "25"]
[EventDate "2005.09.30"]
[EventType "swiss"]
[EventRounds "7"]
[EventCountry "GER"]
[SourceTitle "EXT 2007"]
[Source "ChessBase"]
[SourceDate "2006.11.23"]
[SourceVersion "1"]
[SourceVersionDate "2006.11.23"]
[SourceQuality "1"]

1. Nf3 d5 2. c4 e6 3. g3 c5 4. cxd5 exd5 5. Bg2 Nf6 6. 0-0 Be7 7. d4 b6 8. Nc3 0-0 9. b3 Nc6 10. Bb2 Be6 11. Rc1 Rc8 12. Na4 c4 13. bxc4 1/2-1/2

[Event "Goch op 16th"]
[Site "Goch"]
[Date "2005.09.30"]
[Round "1"]
[White "Krueger, Norbert"]
[Black "Bung, Christoph"]
[Result "1-0"]
[WhiteElo "2156"]
[BlackElo "1729"]
[PlyCount "45"]
[EventDate "2005.09.30"]
[EventType "swiss"]
[EventRounds "7"]
[EventCountry "GER"]
[SourceTitle "EXT 2007"]
[Source "ChessBase"]
[SourceDate "2006.11.23"]
[SourceVersion "1"]
[SourceVersionDate "2006.11.23"]
[SourceQuality "1"]

1. e4 e5 2. Nc3 Nf6 3. Bc4 Nc6 4. d3 Bc5 5. f4 d6 6. Nf3 0-0 7. f5 a6 8. Bg5 b5 9. Bb3 Bb4 10. 0-0 Bxc3 11. bxc3 Na5 12. h3 c6 13. Nh2 d5 14. Bxf6 Qxf6 15. Qh5 g6 16. Ng4 Qg7 17. Nh6+ Kh8 18. fxg6 hxg6 19. Nxf7+ Kg8 20. Nh6+ Kh7 21. Qh4 Qa7+ 22. Kh2 Kg7 23. Rxf8 1-0

[Event "Goch op 15th"]
[Site "Goch"]
[Date "2004.10.02"]
[Round "4"]
[White "Bung, Christoph"]
[Black "Kutzner, Stephen"]
[Result "0-1"]
[WhiteElo "1762"]
[BlackElo "2083"]
[PlyCount "118"]
[EventDate "2004.09.30"]
[EventType "swiss"]
[EventRounds "7"]
[EventCountry "GER"]
[SourceTitle "EXT 2006"]
[Source "ChessBase"]
[SourceDate "2005.11.24"]
[SourceVersion "1"]
[SourceVersionDate "2005.11.24"]
[SourceQuality "1"]

1. e4 c5 2. Nf3 d6 3. c3 Nf6 4. Be2 Nc6 5. d3 e6 6. 0-0 Be7 7. h3 0-0 8. Be3 Qc7 9. Nbd2 d5 10. Qc2 dxe4 11. Nxe4 Nxe4 12. dxe4 e5 13. Rad1 Be6 14. Ng5 Bxg5 15. Bxg5 f6 16. Be3 Ne7 17. Rd2 f5 18. f4 Rad8 19. b3 fxe4 20. Rxd8 Rxd8 21. Qxe4 Nd5 22. Bc4 b5 23. Bxd5 Rxd5 24. c4 bxc4 25. bxc4 Rd8 26. fxe5 a5 27. Rb1 Qc8 28. Rb5 Bf5 29. Qb7 Qe6 30. Rxc5 Qg6 31. Rd5 Rf8 32. Rd6 Qg3 33. Qd5+ Kh8 34. Bf2 Qg5 35. Qf3 Qe7 36. Qd5 Bc8 37. c5 Qg5 38. g4 h5 39. e6 Qf4 40. Qxh5+ Kg8 41. Qh4 Qc1+ 42. Kh2 Bb7 43. c6 Bxc6 44. Rxc6 Qxc6 45. e7 Qd6+ 46. Kg1 Re8 47. Qg5 Rxe7 48. Qxa5 Rc7 49. Qe1 Re7 50. Qc1 Qe5 51. Qd1 Re8 52. a4 Kh8 53. Qd7 Rb8 54. Qd1 Qe4 55. Qd2 Qxa4 56. Kh2 Qe4 57. Qd6 Re8 58. Qc5 Qf4+ 59. Kg2 Rf8 0-1

[Event "Goch op 11th"]
[Site "Goch"]
[Date "2000.10.12"]
[Round "1"]
[White "Bung, Christoph"]
[Black "Bock, Juergen"]
[Result "0-1"]
[WhiteElo "1727"]
[BlackElo "2245"]
[PlyCount "74"]
[EventDate "2000.10.12"]
[EventType "swiss"]
[EventRounds "7"]
[EventCountry "GER"]
[SourceTitle "EXT 2002"]
[Source "ChessBase"]
[SourceDate "2001.11.25"]
[SourceVersion "1"]
[SourceVersionDate "2001.11.25"]
[SourceQuality "1"]

1. e4 e6 2. d4 d5 3. Nc3 Nf6 4. Bg5 Bb4 5. e5 h6 6. Bd2 Bxc3 7. bxc3 Ne4 8. Qg4 Kf8 9. Rd1 c5 10. Bd3 Nxd2 11. Rxd2 Qa5 12. Nf3 Qxc3 13. 0-0 Nc6 14. Rb1 Nxd4 15. Nxd4 Qxd2 16. Nb5 c4 17. Be2 Qxc2 18. Rd1 Bd7 19. Nd6 Qg6 20. Qf4 b5 21. h4 Be8 22. Qd4 Kg8 23. Rc1 h5 24. a3 Qh6 25. Rc3 g6 26. Bd1 a5 27. f4 b4 28. axb4 axb4 29. Rc1 b3 30. Rb1 Qf8 31. Qb6 Qe7 32. Qf2 Ra2 33. Qb6 Kg7 34. g3 Qa7 35. Qxa7 Rxa7 36. Bxb3 cxb3 37. Rxb3 Bd7 0-1